000 00596cam a2200205 4500500
005 20260405002018.0
041 _afre
042 _adc
100 1 0 _aPersonne, Thomas
_eauthor
245 0 0 _aMission impensable. Jacques Derrida
260 _c2015.
500 _a56
690 _aÉcriture
690 _aJacques Derrida
690 _aOrigine
690 _aphilosophie
690 _aTrace
786 0 _nPhilosophie magazine | 91 | 8 | 2015-07-01 | p. 48-48 | 1951-1787
856 4 1 _uhttps://shs.cairn.info/magazine-philosophie-magazine-2015-8-page-48?lang=fr&redirect-ssocas=7080
999 _c2053305
_d2053305